000 002910000a22000970004500
100 1 _aBaer, David
245 1 0 _aMy student, my friend : José Siles mirrors what ESEPA is all about
300 _aVol. 73, Num 2 (Abril-Junio, 1993), Página 15
773 0 _tLatin America Evangelist
942 _cANA
999 _c54715
_d54715